Statistics for Countries Closest to Barbados - in distance order

Click here to take the quiz!

General Stats

  • This quiz has been taken 75 times
  • The average score is 14 of 20

Answer Stats

kmCountrymiles% Correct
145Saint Lucia90
98%
158Saint Vincent and
the Grenadines
98
97%
201Grenada125
92%
217Trinidad and Tobago135
88%
276Dominica172
82%
467Antigua and Barbuda290
77%
525Saint Kitts and Nevis326
75%
357Venezuela222
75%
1097Dominican Republic682
73%
507Guyana315
73%
1401Haiti870
72%
833Suriname517
70%
869Brazil540
68%
1252Colombia778
68%
1722Cuba1070
67%
1844Jamaica1146
63%
2001Panama1243
62%
1669Bahamas1037
58%
2269Ecuador1410
40%
2112Peru1312
35%

Score Distribution

Percentile by Number Answered

Percent of People with Each Score

Your Score History

You have not taken this quiz